01142nam a2200253 u 450000100100000000500170001000800410002704000250006808200200009310000360011324501030014925000120025226000380026430000190030250000680032165000200038965000290040970000430043804900150048195201330049695201180062995201240074799900170087100004049020201002034150.0090704s19uu dr r 000 0 spa d aDO-SdBNPbspacBNPHU a174.9574bG633c1 aGómez Montero, Franklin9904910aCuaderno de prácticas de bioética /Franklin Gómez Montero ; Héctor Antonio Madera Rosario. a2a. ed. aSanto Domingo :bBúho,c[199?]. a46 p ;c29 cm. aIncluye datos biográficos de los autores en la contracubierta 4aBioética9236 4aCiencia de la vida990501 aMadera Rosario, Héctor Antonio99051 aEn proceso 001052708DSaGRbGRcCTd2013-08-26iLF1l0o174.9574 G633cp40490-30r2020-06-25te. 3w2020-06-25yLFDSZPréstamo interno 0010718PDaPDbPDcCTd2013-08-26iLF1l0o174.9574 G633cp40490-10r2020-06-25w2020-06-25yLFPDZNo se presta 0010718PDaPDbPDcCTd2013-08-26iLF1l0o174.9574 G633cp40490-20r2020-06-25te. 2w2020-06-25yLFPDZNo se presta c39980d39980